000 00334nam a22001337a 4500
008 190305b xxu||||| |||| 00| 0 eng d
020 _a0865770867
041 _aeng
080 _a616
100 _a9
101 _aPAT
245 _aCurrent Therapy of Communication Disorders. Dysarthria and Apraxia
_cPerkins, W.H
942 _2udc
_cBK
999 _c54532
_d54532